Normal view
MARC view
- Rabia Khurshid-sup-Dr. Attya Bhatti
Entry Personal Name
001 - CONTROL NUMBER
- control field: 28242
003 - CONTROL NUMBER IDENTIFIER
- control field: NUST
005 - DATE AND TIME OF LATEST TRANSACTION
- control field: 20200131154348.0
008 - FIXED-LENGTH DATA ELEMENTS
- fixed length control field: 200131|| aca||aabn | a|a d
040 ## - CATALOGING SOURCE
- Original cataloging agency: NUST
- Transcribing agency: NUST
100 ## - HEADING--PERSONAL NAME
- Personal name: Rabia Khurshid-sup-Dr. Attya Bhatti
670 ## - SOURCE DATA FOUND
- Source citation: Work cat.: (NUST)480873: Rabia Khurshid-sup-Dr. Attya Bhatti, TH-MS-Role of DNA repair genes XRCCI and OGG1 polymorphisms in tne Rheumatoid Arthritis Induced DNA damage, 2013
